Obálka Náhled e-knihy:
PDF Epub
Pro půjčování e-knih musíte být přihlášeni.
Jak si půjčit online?

Od prince ke králi /

Proč se naše milostné vztahy tak často mění z pohádky v bojiště? Odpověď neleží v našich partnerech, ale hluboko v našem podvědomí. Kniha Jana Františka Bíma „Od prince ke králi“ nabízí spojení archetypálního příběhu a praktického průvodce transformací. Autor odkrývá, jak si do dospělých vztahů nevě...

Celý popis

Uloženo v:
Hlavní autor: RNDr. Bím, Jan (Autor)
Médium: E-kniha
Jazyk:Czech
Vydáno: Praha : Jan Bím, 2026
Tagy:
Žádné tagy
LEADER 02363nam a22002297i 4500
001 301570
007 ta
008 260501s2026 xr ||||| |||| 00| 0 cze d
020 |a 9990004265882 
044 |a xr 
100 1 |a RNDr. Bím, Jan  |4 aut 
245 1 0 |a Od prince ke králi /  |c RNDr. Bím, Jan 
264 1 |a Praha :  |b Jan Bím,  |c 2026 
300 |a 1 online zdroj (23 stran) 
336 |a text  |b txt  |2 rdacontent 
337 |a bez média  |b n  |2 rdamedia 
338 |a online zdroj  |b cr  |2 rdacarrier 
520 2 |a Proč se naše milostné vztahy tak často mění z pohádky v bojiště? Odpověď neleží v našich partnerech, ale hluboko v našem podvědomí. Kniha Jana Františka Bíma „Od prince ke králi“ nabízí spojení archetypálního příběhu a praktického průvodce transformací. Autor odkrývá, jak si do dospělých vztahů nevědomky projektujeme postavy vnitřní matky, otce a ublíženého dítěte. Tato traumata nás pak nutí reagovat obrannými postoji namísto toho, abychom viděli skutečného člověka před sebou. Tato kniha není jen ke čtení, je to nástroj pro práci na sobě. Ačkoliv je psána primárně z pohledu muže, její principy jsou univerzální a inspirativní i pro ženy, které chtějí porozumět dynamice vztahů a podpořit svého partnera i sebe na cestě k dospělosti. V knize naleznete: Archetypální příběh muže: Cesta od dětství přes roli bojovníka až k uzrání v „krále“, který nachází klid a stabilitu. Analýzu projekcí: Pochopení toho, proč v partnerce často slyšíme svou kritizující matku a proč utíkáme do práce nebo k agresi. Pracovní sešit (6 modulů): Praktická cvičení a úkoly zaměřené na analýzu vnitřních postav, nastavení hranic s rodiči a transformaci agresivity v akceschopnost. Návod na „Tanec života“: Jak vybudovat partnerství založené na dynamické rovnováze, vzájemném respektu a svobodě. 
910 |a RBIT002 
998 |d 426588  |a https://core.palmknihy.cz/api/books/426588/cover?tebb2m  |b https://core.palmknihy.cz/api/books/426588/cover/400?tebb2m  |c https://core.palmknihy.cz/api/books/426588/cover/50?tebb2m  |e   |g 23  |i 9990004265882  |j https://core.palmknihy.cz/api/books/426588/preview.epub  |k https://core.palmknihy.cz/api/books/426588/preview.pdf  |l   |q 49  |r 1  |s https://www.palmknihy.cz/kniha/426588  |t ebook  |y 2026  |z 1 
999 |d 301568